Das BGB - eine deutsche Zivilrechtskodifikation in Europa

Saved in:
Bibliographic Details
Main Author: Baldus, Christian (Author)
Format: Chapter/Article
Language:German
Published: 2024
In: J. von Staudingers Kommentar zum Bürgerlichen Gesetzbuch mit Einführungsgesetz und Nebengesetzen: Eckpfeiler des Zivilrechts
Year: 2024, Pages: 1-99
Online Access: Get full text
Author Notes:Christian Baldus

MARC

LEADER 00000caa a2200000 c 4500
001 1908382600
003 DE-627
005 20241205220259.0
007 tu
008 241113s2024 xx ||||| 00| ||ger c
035 |a (DE-627)1908382600 
035 |a (DE-599)KXP1908382600 
035 |a (OCoLC)1475647276 
040 |a DE-627  |b ger  |c DE-627  |e rda 
041 |a ger 
084 |a 19  |2 sdnb 
100 1 |a Baldus, Christian  |d 1966-  |e VerfasserIn  |0 (DE-588)120467224  |0 (DE-627)080692486  |0 (DE-576)176383832  |4 aut 
245 1 4 |a Das BGB - eine deutsche Zivilrechtskodifikation in Europa  |c Christian Baldus 
264 1 |c 2024 
300 |a 99 
336 |a Text  |b txt  |2 rdacontent 
337 |a ohne Hilfsmittel zu benutzen  |b n  |2 rdamedia 
338 |a Band  |b nc  |2 rdacarrier 
773 0 8 |i Enthalten in  |a Staudinger, Julius von, 1836 - 1902  |t J. von Staudingers Kommentar zum Bürgerlichen Gesetzbuch mit Einführungsgesetz und Nebengesetzen: Eckpfeiler des Zivilrechts  |b Neubearbeitung 2024  |d Berlin : Otto Schmidt - De Gruyter, 2024  |g (2024), Seite 1-99  |h XVI, 1928 Seiten  |w (DE-627)1870413474  |z 9783805913935  |z 9783805913942  |7 nnam 
773 1 8 |g year:2024  |g pages:1-99  |g extent:99  |a Das BGB - eine deutsche Zivilrechtskodifikation in Europa 
951 |a AR 
992 |a 20241113 
993 |a BookComponentPart 
994 |a 2024 
998 |g 120467224  |a Baldus, Christian  |m 120467224:Baldus, Christian  |d 20000  |d 20600  |e 20000PB120467224  |e 20600PB120467224  |k 0/20000/  |k 1/20000/20600/  |p 1  |x j  |y j 
999 |a KXP-PPN1908382600  |e 461366179X 
BIB |a Y 
JSO |a {"origin":[{"dateIssuedDisp":"2024","dateIssuedKey":"2024"}],"title":[{"title_sort":"BGB - eine deutsche Zivilrechtskodifikation in Europa","title":"Das BGB - eine deutsche Zivilrechtskodifikation in Europa"}],"person":[{"display":"Baldus, Christian","role":"aut","family":"Baldus","given":"Christian"}],"type":{"bibl":"chapter"},"id":{"eki":["1908382600"]},"language":["ger"],"physDesc":[{"extent":"99 S."}],"recId":"1908382600","relHost":[{"physDesc":[{"extent":"XVI, 1928 Seiten"}],"id":{"eki":["1870413474"],"isbn":["9783805913935","9783805913942"]},"person":[{"family":"Staudinger","given":"Julius von","display":"Staudinger, Julius von","role":"aut"},{"display":"Bach, Ivo","role":"aut","family":"Bach","given":"Ivo"},{"given":"Christian","family":"Baldus","role":"aut","display":"Baldus, Christian"},{"family":"Herresthal","given":"Carsten","display":"Herresthal, Carsten","role":"aut"},{"given":"Robert","family":"Magnus","role":"aut","display":"Magnus, Robert"},{"given":"Markus","family":"Stoffels","role":"edt","display":"Stoffels, Markus"}],"origin":[{"dateIssuedDisp":"[2024]","dateIssuedKey":"2024","publisher":"Otto Schmidt - De Gruyter","edition":"Neubearbeitung 2024","publisherPlace":"Berlin"}],"disp":"Staudinger, Julius von, 1836 - 1902J. von Staudingers Kommentar zum Bürgerlichen Gesetzbuch mit Einführungsgesetz und Nebengesetzen: Eckpfeiler des Zivilrechts","recId":"1870413474","language":["ger"],"part":{"year":"2024","text":"(2024), Seite 1-99","pages":"1-99","extent":"99"},"relMultPart":[{"title":[{"title_sort":"J. von Staudingers Kommentar zum Bürgerlichen Gesetzbuch mit Einführungsgesetz und Nebengesetzen","title":"J. von Staudingers Kommentar zum Bürgerlichen Gesetzbuch mit Einführungsgesetz und Nebengesetzen"}],"origin":[{"editionNo":"13","edition":"13. Bearb. und deren Neubearb.","publisherPlace":"Berlin ; Berlin ; Berlin","dateIssuedDisp":"1993-","publisher":"Otto Schmidt - De Gruyter ; Sellier- de Gruyter ; Schweitzer, de Gruyter","dateIssuedKey":"1993"}],"part":{"number_sort":[],"number":[]},"type":{"bibl":"edited-book"},"person":[{"given":"Julius von","family":"Staudinger","role":"oth","display":"Staudinger, Julius von"}],"language":["ger"],"id":{"eki":["1105936937"]},"recId":"1105936937","titleAlt":[{"title":"Kommentar zum Bürgerlichen Gesetzbuch"},{"title":"BGB"},{"title":"Staudinger - BGB"},{"title":"Staudinger"},{"title":"Kommentar zum Bürgerlichen Gesetzbuch mit Einführungsgesetz und Nebengesetzen"},{"title":"J. v. Staudingers Kommentar zum Bürgerlichen Gesetzbuch"}],"ga":1}],"type":{"bibl":"book"},"title":[{"title":"Eckpfeiler des Zivilrechts"}],"titleAlt":[{"title":"Eckpfeiler (2024)"}]}],"name":{"displayForm":["Christian Baldus"]}} 
SRT |a BALDUSCHRIBGBEINEDEU2024